Memoria de gobierno
Bewaard in:
| Hoofdauteur: | |
|---|---|
| Formaat: | Boek |
| Taal: | Spaans |
| Gepubliceerd in: |
Sevilla
Hispalensis
1947
|
| Reeks: | Escuela de Estudios Hispano-Americanos de Sevilla, 26
|
| Onderwerpen: | |
| Tags: |
Voeg label toe
Geen labels, Wees de eerste die dit record labelt!
|
MARC
| LEADER | 00000nam a2200000 a 4500 | ||
|---|---|---|---|
| 001 | UCO3257 | ||
| 003 | CL-VaPUC | ||
| 008 | 000714e19470000SP |||||||||||||||||spa|d | ||
| 082 | 0 | 4 | |a 985.04 |b PEZ |2 21 |
| 100 | 0 | |a Pezuela, Joaquín de la |e author |9 447286 | |
| 245 | 1 | 0 | |a Memoria de gobierno |
| 300 | |a 912 p | ||
| 942 | |c BK | ||
| 945 | |d 20000714 00:00:00 |a rherrera | ||
| 260 | |a Sevilla |b Hispalensis |c 1947 | ||
| 600 | 0 | 7 | |a PEZUELA, JOAQUIN DE LA |2 CL-VaPUC |9 447287 |
| 650 | 0 | |a Historia de Perú |9 363780 | |
| 650 | 7 | |a INDEPENDENCIA DE PERU |2 CL-VaPUC |9 447186 | |
| 650 | 0 | |a Virreinato del Perú |9 414472 | |
| 650 | 7 | |a MEMORIAS DE GOBIERNO |2 CL-VaPUC |9 447288 | |
| 651 | 0 | |a Perú |9 256567 | |
| 583 | |a last modification |c 20160829 03:35:11 |k Rodrigo Vera | ||
| 490 | 0 | |a Escuela de Estudios Hispano-Americanos de Sevilla, 26 | |
| 999 | |c 289725 |d 289723 | ||
| 952 | |0 0 |1 0 |4 0 |6 985_040000000000000_PEZ_1947 |7 0 |8 X |9 338344 |a BIBHIS |b BIBHIS |d 2019-11-20 |i 1297252 |o 985.04 PEZ 1947 |p 1297252 |r 2024-01-30 |w 2019-11-20 |y BK_X |k HIS | ||